Tangthu lungkuai 3te (Record no. 10644)

MARC details
000 -LEADER
fixed length control field 00385nam a2200157 4500
003 - CONTROL NUMBER IDENTIFIER
control field GBCCL
005 - DATE AND TIME OF LATEST TRANSACTION
control field 20250619143416.0
008 - FIXED-LENGTH DATA ELEMENTS--GENERAL INFORMATION
fixed length control field 250417b |||||||| |||| 00| 0 eng d
040 ## - CATALOGING SOURCE
Transcribing agency GBC
082 ## - DEWEY DECIMAL CLASSIFICATION NUMBER
Classification number VER 398.2095417
Item number GUI
100 ## - MAIN ENTRY--PERSONAL NAME
Personal name Guite, Lalthanghlun
245 ## - TITLE STATEMENT
Title Tangthu lungkuai 3te
260 ## - PUBLICATION, DISTRIBUTION, ETC.
Place of publication, distribution, etc. Hiangtam Lamka :
Name of publisher, distributor, etc. Author,
Date of publication, distribution, etc. 2025
300 ## - PHYSICAL DESCRIPTION
Extent 180p. ;
942 ## - ADDED ENTRY ELEMENTS (KOHA)
Source of classification or shelving scheme Dewey Decimal Classification
Koha item type Books
Suppress in OPAC No
Holdings
Withdrawn status Lost status Source of classification or shelving scheme Damaged status Not for loan Home library Current Library Shelving location Date acquired Total checkouts Full call number Barcode Date last seen Copy number Price effective from Koha item type
    Dewey Decimal Classification     GRACE BIBLE COLLEGE GRACE BIBLE COLLEGE Vernacular 2025-04-17   VER 398.2095417 GUI 020806 2025-05-01 c.1 2025-04-17 Books
    Dewey Decimal Classification     GRACE BIBLE COLLEGE GRACE BIBLE COLLEGE Vernacular 2025-04-17   VER 398.2095417 GUI 020807 2025-05-01 c.2 2025-04-17 Books
    Dewey Decimal Classification     GRACE BIBLE COLLEGE GRACE BIBLE COLLEGE Vernacular 2025-04-17   VER 398.2095417 GUI 020808 2025-05-01 c.3 2025-04-17 Books
    Dewey Decimal Classification     GRACE BIBLE COLLEGE GRACE BIBLE COLLEGE Vernacular 2025-05-06   VER 398.2095417 GUI 020809 2025-05-06 c.4 2025-05-06 Books
    Dewey Decimal Classification     GRACE BIBLE COLLEGE GRACE BIBLE COLLEGE Vernacular 2025-05-06   VER 398.2095417 GUI 020810 2025-05-06 c.5 2025-05-06 Books
© Grace Bible College Library 2025